-lphabetized: Reality Shows Quiz Stats

 Plays Quiz not verified by Sporcle

Score 0/12 Timer 03:00
0 Plays Today
Question Answer Wrong Answers
1st -merican Idol
82.8%
-ear Factor
1.3%
-aked and Afraid
1.6%
-hark Tank
1.6%
1st -merica's Next Top Model
82.4%
-lavor of Love
2.3%
-anny 911
1.6%
-hear Genius
2.2%
3rd -roject Runway
80.1%
-ig Brother
3.6%
-ersey Shore
2.8%
-urvivor
3.8%
4th -ndercover Boss
79.7%
-ating in the Dark
4.1%
-arried by America
2.2%
-ock of Love
2.5%
2nd -ron Chef
79.5%
-eauty and the Geek
4.4%
-opstars
4.9%
-torage Wars
1.2%
4th -rading Spaces
78.8%
-ancing With the Stars
2.2%
-aking the Band
4.8%
-eeping Up With The Kardashians
3.6%
1st -ce of Cakes
78.1%
-xtreme Makeover Home Edition
8.9%
-y Strange Addiction
1.9%
-ay Yes to the Dress
0.7%
4th -op Chef
77.2%
-ops
2.6%
-ast Comic Standing
1.6%
-upaul's Drag Race
7.3%
3rd -unk'd
73.5%
-lind Date
2.5%
-oe Millionaire
7.4%
-een Mom
5.4%
2nd -ood Network Star
73.5%
-mish Mafia
3.3%
-ell's Kitchen
9.7%
-imple Life
1.7%
3rd -eal Housewives of Atlanta
71.4%
-hopped
8.3%
-on and Kate Plus Eight
5.7%
-emptation Island
4.8%
2nd -ouse Hunters
64.7%
-ad Ink
12.2%
-awn Stars
6.7%
-o You Think You Can Dance
6.1%

You're not logged in!

Compare scores with friends on all Sporcle quizzes.
OR
Log In

You Might Also Like...

Show Comments

Extras

Top Quizzes Today


Score Distribution

Your Account Isn't Verified!

In order to create a playlist on Sporcle, you need to verify the email address you used during registration. Go to your Sporcle Settings to finish the process.

Report this User

Report this user for behavior that violates our Community Guidelines.

Details: